Notions of convexity /

Guardado en:
Autor Principal: Hörmander, Lars.
Formato: Libro
Idioma:English
Publicado: Boston : Birkhäuser, c1994.
Series:Progress in mathematics (Boston, Mass.) ; v. 127.
Acceso en línea:Google Book Search
Etiquetas: Agregar Etiqueta
Sin Etiquetas, Sea el primero en etiquetar este registro!
LEADER 00958nam a22002535a 4500
001 MAT.inmabb000116
008 940825s1994####mau######b####001#0#eng##
005 20160308111747.0
245 1 0 |a Notions of convexity /  |c Lars Hörmander. 
260 |a Boston :  |b Birkhäuser,  |c c1994. 
300 |a viii, 414 p. ;  |c 25 cm. 
490 1 |a Progress in mathematics ;  |v v. 127 
500 |a "Lectures given at the University of Lund in 1991-92"--Preface. 
504 |a Incluye referencias bibliográficas (p. [403]-410) e índices. 
510 4 |a MR,  |c 95k:00002 
020 |a 0817637990 
020 |a 3764337990 (Basel) 
830 0 |a Progress in mathematics (Boston, Mass.) ;  |v v. 127. 
100 1 |a Hörmander, Lars. 
084 |a 52A40 (26B25 31C10 32Txx 35A27)  |2 msc2000 
010 |a  94032572  
856 4 1 |u http://books.google.com/books?isbn=0817637990  |y Google Book Search 
859 |h 52  |i H812  |p A-7046  |b BIB. MATEMATICA 
859 |h 52  |i H812  |p A-7817  |t Ej. 2  |b BIB. MATEMATICA